Statistics for US-City with most Major Sports League Titels

Click here to take the quiz!

General Stats

  • This quiz has been taken 31 times
    (12 since last reset)
  • The average score is 31 of 34

Answer Stats

Number of Titles League Titles City / State % Correct
4029x MLB, 8x NHL, 2x NBA, 1x NFLNew York
100%
73x NBA, 2x MLB, 2x NFLMiami
100%
32x MLB, 1x NBACleveland
100%
32x NBA, 1x MLBHouston
100%
33x MLBMinneapolis
100%
11x NFLIndianapolis
100%
43x MLB, 1x NBAAtlanta
100%
44x NFLGreenbay
100%
3817x NBA, 9x MLB, 6x NHL, 6x NFLBoston (incl. Foxborough)
100%
55x NBASan Antonio
100%
55x MLBCincinnati
100%
63x NFL, 1x MLB, 1x NHL, 1x NBAWashington
100%
11x NBAMilwaukee
100%
21x NHL 1x NFLTampa
100%
75x NFL, 1x NBA, 1x NHLDallas
100%
83x NBA, 2x MLB, 2x NHL, 1x NFLPhiladelphia
100%
11x MLBPhoenix
100%
1311x MLB, 1x NHL, 1x NFLSt. Louis
100%
166x NFL, 5x NHL, 5x MLBPittsburgh
100%
196x NHL, 6x NBA, 6x MLB, 1x NFLChicago
100%
198x MLB, 6x NBA, 5x NFLSan Francisco
100%
2616x NBA, 7x MLB, 2x NHL, 1x NFLLos Angeles
100%
21x NFL, 1x NBASeattle
100%
11x NFLNew Orleans
90%
11x NBAPortland
90%
53x NFL, 2x NHLDenver
90%
42x NFL, 2x MLBKansas City
90%
73x MLB, 3x NFL, 1x NBABaltimore
90%
119x MLB, 2x NFLOakland
90%
1811x NHL, 4x MLB, 3x NBADetroit
90%
11x NHLAnaheim
70%
11x NHLRaleigh
70%
74x NFL, 3x NHLNew Jersey
30%
11x NBARochester
30%

Score Distribution

Percentile by Number Answered

Percent of People with Each Score

Your Score History

You have not taken this quiz since the last reset